Alacsony súlyú újszülöttek feltételezett kockázati tényezőinek számítógépes elemzése

Elmentve itt :
Bibliográfiai részletek
Szerzők: Kóbor József
Csébfalvi György
Tóth Zoltán
Pejtsik Béla
Bédi Gyula
Hasitz Sándor
Testületi szerző: Számítástechnikai és kibernetikai módszerek alkalmazása az orvostudományban és a biológiában
Dokumentumtípus: Könyv része
Megjelent: 1981
Sorozat:Számítástechnikai és kibernetikai módszerek alkalmazása az orvostudományban és a biológiában 10
Kulcsszavak:Számítógép alkalmazása - orvostudomány, Számítógép - programozás, Analízis - matematikai, Matematikai statisztika
Tárgyszavak:
Online Access:http://acta.bibl.u-szeged.hu/46004
LEADER 01353naa a2200301 i 4500
001 acta46004
005 20230609103944.0
008 170626s1981 hu o 1|| hun d
040 |a SZTE Egyetemi Kiadványok Repozitórium  |b hun 
041 |a hun 
100 1 |a Kóbor József 
245 1 0 |a Alacsony súlyú újszülöttek feltételezett kockázati tényezőinek számítógépes elemzése  |h [elektronikus dokumentum] /  |c  Kóbor József 
260 |c 1981 
300 |a 163-171 
490 0 |a Számítástechnikai és kibernetikai módszerek alkalmazása az orvostudományban és a biológiában  |v 10 
650 4 |a Természettudományok 
650 4 |a Matematika 
650 4 |a Számítás- és információtudomány 
650 4 |a Orvos- és egészségtudomány 
650 4 |a Klinikai orvostan 
695 |a Számítógép alkalmazása - orvostudomány, Számítógép - programozás, Analízis - matematikai, Matematikai statisztika 
700 0 1 |a Csébfalvi György  |e aut 
700 0 1 |a Tóth Zoltán  |e aut 
700 0 1 |a Pejtsik Béla  |e aut 
700 0 1 |a Bédi Gyula  |e aut 
700 0 1 |a Hasitz Sándor  |e aut 
711 |a Számítástechnikai és kibernetikai módszerek alkalmazása az orvostudományban és a biológiában  |c Szeged  |d 1980. december 2-4. 
856 4 0 |u http://acta.bibl.u-szeged.hu/46004/1/szamtech_orvost_koll_010_163-171.pdf  |z Dokumentum-elérés